| 000 | 00997nac a22002651i 4500 | ||
|---|---|---|---|
| 003 | EG-ScBUE | ||
| 005 | 20240219114513.0 | ||
| 008 | 121120s2006 sy f 000 0 ara d | ||
| 020 | _a1575470322 | ||
| 040 |
_aEG-ScBUE _bara _erda _cEG-ScBUE _dEG-ScBUE |
||
| 043 | _af-ae--- | ||
| 082 | 0 | 4 |
_a965.03 _bب ن ن _222 |
| 100 | 1 |
_aبن نبي، مالك، _d1905-1973، _eمؤلف. |
|
| 245 | 1 | 0 |
_aفي مهب المعركة : _bإرهاصات الثورة / _cمالك بن نبي. |
| 250 | _aالطبعة السابعة. | ||
| 264 | 1 |
_aدمشق : _bدار الفكر، _c2006. |
|
| 300 |
_a172 صفحة ؛ _c24 سم. |
||
| 336 |
_2rdacontent _aنص _btxt |
||
| 337 |
_aبدون وسيط _2rdamedia _bn |
||
| 338 |
_aمجلد _bnc _2rdacarrier |
||
| 490 | 0 | _aمشكلات الحضارة | |
| 651 | 7 |
_aالجزائر _xتاريخ _yالعصر الحديث _yالاحتلال الفرنسي _yالفترة الثالثة (1950-1962 م.). _2BUEsh |
|
| 655 | _vReading book | ||
| 942 |
_cBB _2ddc |
||
| 999 |
_c7839 _d7839 |
||